000 00603nam a2200241Ia 4500
005 20260306145558.0
008 008 260114s9999 xx 000 0 eng d
020 _a9783050093994
037 _aEbook
040 _aCRL
040 _beng
040 _cCRL
041 _2eng
041 _aeng
084 _qCRL
245 0 _aMarie von Ebner-Eschenbach / Josephine von Knorr. Briefwechsel 1851–1908
260 _bDe Gruyter (A)
260 _c2016
650 _aLiterary Studies
856 _uhttps://www.degruyter.com/isbn/9783050093994
942 _cEBOOK
999 _c1689243
_d1689243